| 000 | 00832nam a2200229 u 4500 | ||
|---|---|---|---|
| 005 | 20251021064006.0 | ||
| 008 | 090803s2006 mx r 000 0 spa d | ||
| 020 | _a970997601X (México) | ||
| 020 | _a987220747X (Argentina) | ||
| 035 | _aUPN01000171687 | ||
| 049 | _aCG | ||
| 050 | 4 |
_aZ675 U5 _bA7.3 |
|
| 100 | 1 |
_aArriola Navarrete, Oscar, _d1960- _931535 |
|
| 245 | 1 | 0 |
_aEvaluación de bibliotecas : _bun modelo desde la óptica de los sistemas de gestión de calidad / _cOscar Arriola Navarrete. |
| 260 |
_aMéxico : _bColegio Nacional de Bibliotecarios : Library Outsourcing Service ; _aBuenos Aires : _bAlfagrama, _c2006. |
||
| 300 | _a128 p. | ||
| 440 | 0 | _aBiblioteca Alfagrama | |
| 650 | 4 |
_aBibliotecas universitarias _93062 |
|
| 650 | 4 |
_aControl de calidad _910920 |
|
| 650 | 4 |
_aNORMAS ISO 9000 _95629 |
|
| 905 | _aLibro | ||
| 999 |
_c143792 _d143792 |
||